000 00578nam a2200229Ia 4500
003 OSt
005 20220924145735.0
006 a|||||r|||| 00| 0
007 ta
008 220923b |||||||| |||| 00| 0 tel d
024 _a330024
037 _cTextual
040 _aARTS
_cARTS
_btel
041 _2tel
_atel
082 _a015,2D40:g, K0
100 _aRanganna
_9220456
245 0 _aKalidasana natakayala vimarshe
260 _c1960
650 _aSANSKRIT LITERATURE
942 _h015,2D40:g, K0
_cTEXL
_2CC
999 _c461009
_d461009